Writing history in film

Saved in:
Bibliographic Details
Main Author: Guynn, William Howard
Format: Book
Language:English
Published: New York : Routledge, 2006
Subjects:
Tags: Add Tag
No Tags, Be the first to tag this record!

MARC

LEADER 00000nam a2200000 i 4500
001 1/102210
008 090305s2006 eng d
020 |a 0-415-97924-2 
035 |l 10103568 
040 |a GR-MY-UA  |b gre  |e aacr 
041 0 |a eng 
082 0 |a 791.43658  |2 (22) 
100 1 |a Guynn, William Howard. 
245 1 0 |a Writing history in film /  |c William Guynn 
260 |a New York :   |b Routledge,   |c 2006 
300 |a ix, 225 σ.;  |c 24 εκ. 
504 |a Βιβλιογραφία: σ. 205-209 
504 |a Ευρετήριο: σ. 211-225 
650 0 0 |a Motion pictures and history. 
650 0 0 |a Historical films  |x History and criticism. 
852 |a INST  |b LESVOS  |e 20090305  |h 791.43658 GUY  |p 005100039834  |q 005100039834  |t BK  |y 0 
901 |a BIBL1-2009-1 
909 |a Λ  |b 154214 
922 |a 1ΕΛΗ  |b 200809  |c ΕΠΕΑΕΚ2/ΤΚΑ  |d ΜΙΧΑΛΟΠΟΥΛΟΣ 
970 |a ΚΑΡΑ  |b ΓΙΑΣΕΜΗ  |z 2009/03/05